| 000 | 00495nam a2200145Ia 4500 | ||
|---|---|---|---|
| 008 | 220204s9999 xx 000 0 und d | ||
| 082 |
_a630*1:061.3 _bAGA |
||
| 245 | 0 | _aPrice of forests : Proceedings of a seminar on the economics of the sustainable use of forest resources | |
| 260 |
_aNew Delhi _bCentre for science and environment _c1992 |
||
| 650 | _aEcological restoration | ||
| 650 | _aForest management | ||
| 650 | _aNatural resources economics | ||
| 700 | _aAgarwal, Anil | ||
| 942 | _cBK | ||
| 999 |
_c40865 _d40865 |
||